All Disciple Artists - 2022 - Statistics

General Stats
  • This quiz has been taken 4 times
  • The average score is 108 of 132
Answer Stats
Music Released Artist % Correct
Level Ace Aura
100%
Journey's End Aethoro
100%
Alter Ego / Dejeco / Feel It / Like A Girl / Queen Kong / Space Bass AIMER
100%
ENTER - APOCRYPHA / NEUROGENESIS / PSYCHOACOUSTICA / PUPPETMASTER / THE REVOLUTION AKVMA
100%
Absolute Noire / MOORG - VIP / Riddim Joy Anthem / Ride Or Die Automhate
100%
Safety Last Aweminus
100%
Arcane / In The Casket / Raver's Anthem / Spam / To The Bassline Bainbridge
100%
Brute Force / Earthquake / Ghetto Blastah / Ground Shake / Riddim Track / Scouts Honor / Time Machine Bandlez
100%
Crash Landing / Fuck Around / Hopped Out / Let It Spin / Power Alliance Barely Alive
100%
Crossfold / Dead Eye / Echo / Forsaken Beastboi.
100%
Banana In Ur Face / Coconut / Cyber Liana / Embrace / FLOW135 / Gelada / Purr / Ravage BeutNoise
100%
Bastille (Remix) Bizo
100%
Shot Caller BLVNKSPVCE
100%
BUSS IT DOWN SHAWTAE / FIVE NIGHTS AT BUNDA (TEAROUT JUMPSCARE) / GOO GOO GA GA / NAE NAE / NO WAY REALLY / SWAG TOWN BUNDA
100%
Mindache / Monolithic Reflections / No Life / None (Beginning) / Push / Rebound BVSSIC
100%
Angy / Blow / Catcha Vibe / Two Glocks / What's My Name Careless Castle
100%
55555 / Fool / Pentagon / Sheckles / Throwie / Vampire Song Chibs
100%
Ground Pound / Ground Shake / Lasers / Oldskool / Revolution (Remix) Crankdat
100%
Black Magic / INEXO Crimson Scar
100%
Ushutron Cybertr0n
100%
Dinos Come Alive / Jurassic Park / Lil T-Rex / Steady Saurus / Tell Me Where Dino Shadix
100%
Bastille / Haxo / Le Club / Molitor / Pantheon Dirtyphonics
100%
Walk Away (Remix) Disphing
100%
Soul Shards DNAKM
100%
Alive / Dutty South Dubs Doctor Neiman
100%
Crash Landing Drew Seeley
100%
Asterism / Clubber Ray Beam / Diamonds / Molitor (Remix) / PewPewRiddim / Quantum Medicine / Rougel / Slip Slop Slap / Ushutron / Without U Dr. Ushūu
100%
Devil Tech DVEIGHT
100%
Canned Heat / Groove Rider / Inflict / Know The Name / Lumbre / Ravage Dyatic
100%
Le Club / Mechanoid Doom / Pantheon / Paradox Ecraze
100%
Playtime Effin
100%
Earthstar EVVDE
100%
Cunga Bunga Cowboys Explorers of the Internet
100%
Galaxy / Higher / Shocked / Techno / Turn Up The Music Franky Nuts
100%
Afterlife (I'll Dream Of You) FRANK ZUMMO
100%
Crumpet Busterz / Fuzz Brawl / Killer Space Whales / Laser Tag / Simp Sauce / Still In Love / Ultra Power Frantik
100%
Basics / Blast / Day Dream / Haxo / Le Club / Mechanoid Doom / Paradox / Ravolution Graphyt
100%
Invitation / Rave Room Hi I'm Ghost
100%
The Horseman Horzeman
100%
2GETHER / 55555 / Accelerator / Bars & Bass / Breakout / CAVERNS / Chomp / Dance Off / Expression / Lights Out / Orm / Space Cadet / Split / Trigger Infekt
100%
BLACK_MASS / EXTERNAL_COMBUSTION / INEXO / LAWLESS / LOST INHUMAN
100%
Bastille / Le Club IVORY
100%
Space Invader Jiqui
100%
Turn Up The Music Katie Sky
100%
Moonglow Kaval
100%
lost & alone Killin' Void
100%
Ragnarok Kompany
100%
Black Heart / Blood Money / Bounce Gate / Fuck Rent / Kick'n In Ur Door / Tonal Scream Kozmoz
100%
Control Kryture
100%
Cunga Bunga Cowboys / Knocky Block Song / Mastapeece / MILF (man i love frogs) / My Swag > Ronald McDonald - VIP / Riddim Track / Skettee Joe / skettee riddim / Sudden Jest / Uh Oh / wat U doin? Loompaskettee
100%
Transfixed Marcix
100%
Journey's End Mizu
100%
Anvil / Devil Tech MOB
100%
Diamonds / Far From Blind / Ride Or Die / Space Invader / WTFU Modestep
100%
Golem Moley
100%
Skin MØØNE
100%
Blackbelly / Brute / A Cement Bath / Circus Spittle / Cobjaw / Doppler Riddim / The Fortune Teller / Hexed / Patron Saint / The Torment / White Hot / Wiccan Death Chant MUERTE
100%
Dooke MVRDA
100%
Cyber Liana / Panic() / Sword / Void M / Voodoo Nextars
100%
Berserk NIRE
100%
BRRR GRRR / Decease Mania / Model M-Ocean / Punishment Prejudice / Turn Up / WTFU Nosphere
100%
Race Against Time (Remix) NUU$HI
100%
FUKWITME Nyptane
100%
Far From Blind Oddprophet
100%
Emotion / Skin / Turbulence Oliverse
100%
Walk Away (Remix) Paper Skies
100%
Afterlife (I'll Dream Of You) / Elastic VIP / Elbow Grease / Growing Wild / Laserbeam / Screechy Song Ray Volpe
100%
World War Rave (Remix) Saint Punk
100%
Baka / Brute / CAVERNS / Creep Killa / Dooke / Fenrir / Friction / Gom Jabbar / Hel / Le Club / Molitor / Power Alliance / Ragnarok SampliFire
100%
Coconut SEED
100%
Haxo (Remix) Sharks
100%
Cryolite / Crystal Heart / Journey's End / Moonglow / Soul Shards Skybreak
100%
Elbow Grease Soltan
100%
Shattering Storyboard
100%
Laserbeam (Remix) Sullivan King
100%
Uh Oh The Frim
100%
Postal / Task Failed Versa
100%
Bleed / Hunted / Kill The Lights / Let It Drop / Save Her / To The Point Viperactive
100%
Bossfight Afterparty / How Do I Know / Lost Angeles / REDLINE - color bass doggo VIP / This Could Be Us (Chill Remix) Virtual Riot
100%
Asking For / Bars & Bass / Came To Rage / Creep Killa / INEXO / Level / Lights Out / Paradox / Turn Up The Music Virus Syndicate
100%
Asking For Whales
100%
BADBOI XaeboR
100%
Demonic Tutor / For The Streets / Hourglass of Time / Mana Crypt / Once Again YAKZ
100%
Duppy & Leave / Headflush / Knocky Block Song / NAUGHTY PIG / Postal / Slip Slop Slap / Stuck in the Mud YOKED
100%
Walk Away (Remix) Zef Parisoto
100%
Groove Rider / wait for me Amerzone
67%
Odium Antima
67%
Fool Bueg
67%
Ground Pound CHRMNDRS
67%
Cholo / Fool / Pass That / Sidewalk Psycho / SKURD Codd Dubz
67%
Unstoppable D3vinity
67%
Field Splitter Devath
67%
IDK What To Call This D'LION
67%
Pantheon (Remix) Evilnoiz
67%
Came to Rage Hairitage
67%
Ravolution Korsan
67%
Alive Micah Martin
67%
Tonal Scream MINDFVCK
67%
bleed4me Nvadrz
67%
Get Fucked - VIP OG Nixin
67%
2GETHER Ookay
67%
How Do I Know PRXZM
67%
Lasers Ruvlo
67%
Miss You (Remix) Solomon France
67%
Catcha Vibe Staysick
67%
Feel The Power Typhon
67%
Galaxy Voicians
67%
Blade Lick / Golem / Jester's Privilege / Rising Tremor WELON
67%
Emotion Aleya Mae
33%
Shocked Armanni Reign
33%
LAWLESS Badfella
33%
Bob Crosby DeepRumor
33%
Voodoo Diemond
33%
Duppy & Leave DISGO
33%
EXTERNAL_COMBUSTION Forreign
33%
Comedown Growlz
33%
Downpour LAYZ
33%
Frequency LUMBERJVCK
33%
Insanity Magic Bite
33%
Odium MVKUTA
33%
Growing Wild Myah Marie
33%
Frequency Odd Language
33%
Cholo Point.Blank
33%
Put Em Down Redline District
33%
Black Heart Reign
33%
Frequency Resurge
33%
Symph Simon Said
33%
Demonic Tutor / NAUGHTY PIG SQISHI
33%
Unstoppable Sythyst
33%
Asterism The Sausages
33%
Bob Crosby VICEGRIP
33%
Stuck in the Mud Wye Nawt
33%
No matching quizzes found
Score Distribution
Percent of People with Each Score
Percentile by Number Answered
Your Score History
You have not taken this quiz